000 01091nas a2200373 4500
001 BR0304166
003 BR-BrBNA
005 20231205104014.0
007 ta
008 230509b bl.|||p| |||| 00| 00por d
040 _aBR-BrBNA
_bpor
_cBiblioteca Nacional de Agricultura
041 _a(Pt)
072 _aP40
100 1 _aCaramori, P.H.
100 1 _aCaviglione, J.H.
100 1 _aWrege, M.S.
100 1 _aGonçalves, S.L.
100 1 _aFaria, R.T. de
100 1 _aAndrocioli FIlho, A.
100 1 _aSera, T.
100 1 _aChaves, J.C.D.
100 1 _aKoguishi, M.S.
245 1 _aZoneamento de riscos climáticos para a cultura de café (Coffea arabica L.)o estado do Paraná
650 _aCAFÉ
650 _aZONEAMENTO CLIMÁTICO
650 _aRISCO
650 _aZONEAMENTO AGRÍCOLA
650 _aBALANÇO HÍDRICO
650 _aGEADA
650 _aPARANÁ
773 0 _tRevista Brasileira de Agrometeorologia (Brazil)
_xISSN 0104-1347
_g(Dec 2001), v. 9(3) p. 486-494
_wBR0304166
909 _a202311
_bLúcia
_c55
_dLúcia Elande
942 _2AGRIS
_n0
_cANA
999 _c175915
_d175915